Horizonte campesiono

Enregistré dans:
Détails bibliographiques
Format: Texte
Sujets:
Tags: Ajouter un tag
Pas de tags, Soyez le premier à ajouter un tag!

MARC

LEADER 00000 a a2200000 04500
001 3955
003
040
245 |a Horizonte campesiono  
650 |a CAMPESINADO  
650 |a ORGANIZACIONES POPULARES  
650 |a SECTOR AGRICOLA  
650 |a COSTA RICA  
773 |g número 24; páginas 9-13  
999 |c 27955  |d 27955